عرض عادي
عرض مارك
- Burkitt, H. George.
مدخل إسم شخص
001 - رقم الضبط
- حقل الضبط: 15843
003 - معرف رقم الضبط
- حقل الضبط: OSt
005 - تاريخ ووقت أخر عملية
- حقل الضبط: 20120623100549.0
008 - عناصر بيانات ثابتة الطول
- حقل تحكم ثابت الطول: 120623|||a|||||| | ||| d
040 ## - مصدر الفهرسة
- هيئة الفهرسة الأصلية: OSt
- وكالة الكتابة: OSt
100 ## - مدخل -- أسم شخص
- إسم شخص: Burkitt, H. George.
- عنوان العمل: Wheater's functional histology.
670 ## - بيانات المصدر موجوده
- الاستشهاد بالمصدر: Work cat.: (OSt)0: Young, Barbara, Ph. D. 9356, Wheater's functional histology :, 2000.
